Účtovníctvo ako informačný systém a jeho štruktúra bakalárska práca

Na minha lista:
Detalhes bibliográficos
Autor principal: Zúbeková, Lenka
Autor Corporativo: Fakulta hospodárskej informatiky EU. Katedra účtovníctva a audítorstva
Outros Autores: Feketeová, Renáta, 1974-
Formato: Livro
Idioma:eslovaco
Publicado em: Bratislava 2009
Tags: Adicionar Tag
Sem tags, seja o primeiro a adicionar uma tag!

MARC

LEADER 00000nam$a2200000$$$4500
001 0102354
005 20240318135003.6
041 0 |a slo 
044 |a SK 
245 1 0 |a Účtovníctvo ako informačný systém a jeho štruktúra  |b bakalárska práca  |c Lenka Zúbeková ; škol. Renáta Feketeová 
264 1 |a Bratislava  |c 2009 
300 |a 33 s. 
100 1 |a Zúbeková, Lenka 
700 1 |a Feketeová, Renáta, 1974- 
710 2 |a Fakulta hospodárskej informatiky EU. Katedra účtovníctva a audítorstva